<?xml version="1.0" encoding="UTF-8"?>
<collection xmlns="http://www.loc.gov/MARC21/slim">
<record>
  <controlfield tag="001">229325</controlfield>
  <controlfield tag="005">20220422221340.0</controlfield>
  <datafield tag="024" ind1="7" ind2=" ">
    <subfield code="2">Laufende Nummer</subfield>
    <subfield code="a">32648</subfield>
  </datafield>
  <datafield tag="024" ind1="7" ind2=" ">
    <subfield code="2">URN</subfield>
    <subfield code="a">urn:nbn:de:hbz:82-opus-47152</subfield>
  </datafield>
  <datafield tag="024" ind1="7" ind2=" ">
    <subfield code="2">HSB</subfield>
    <subfield code="a">999910313872</subfield>
  </datafield>
  <datafield tag="024" ind1="7" ind2=" ">
    <subfield code="2">OPUS</subfield>
    <subfield code="a">4715</subfield>
  </datafield>
  <datafield tag="037" ind1=" " ind2=" ">
    <subfield code="a">RWTH-CONV-144295</subfield>
  </datafield>
  <datafield tag="041" ind1=" " ind2=" ">
    <subfield code="a">German</subfield>
  </datafield>
  <datafield tag="082" ind1=" " ind2=" ">
    <subfield code="a">540</subfield>
  </datafield>
  <datafield tag="100" ind1="1" ind2=" ">
    <subfield code="0">P:(DE-82)098962</subfield>
    <subfield code="a">Schaal, Petra</subfield>
    <subfield code="b">0</subfield>
    <subfield code="e">Author</subfield>
  </datafield>
  <datafield tag="245" ind1=" " ind2=" ">
    <subfield code="a">Palladiumkatalysierte C(sp2)-H-Funktionalisierung : neue Strategien zur selektiven Synthese disubstituierter planar chiraler [2.2]Paracyclophane</subfield>
    <subfield code="c">vorgelegt von Petra Schaal, geb. Lennartz</subfield>
    <subfield code="h">online, print</subfield>
  </datafield>
  <datafield tag="246" ind1=" " ind2="3">
    <subfield code="a">Palladium-catalyzed C(sp2)–H functionalization : new strategies toward the selective synthesis of disubstituted planar chiral [2.2]paracyclophanes</subfield>
    <subfield code="y">English</subfield>
  </datafield>
  <datafield tag="260" ind1=" " ind2=" ">
    <subfield code="a">Aachen</subfield>
    <subfield code="b">Publikationsserver der RWTH Aachen University</subfield>
    <subfield code="c">2013</subfield>
  </datafield>
  <datafield tag="300" ind1=" " ind2=" ">
    <subfield code="a">II, 175 S. : graph. Darst.</subfield>
  </datafield>
  <datafield tag="336" ind1="7" ind2=" ">
    <subfield code="a">Dissertation / PhD Thesis</subfield>
    <subfield code="0">PUB:(DE-HGF)11</subfield>
    <subfield code="2">PUB:(DE-HGF)</subfield>
    <subfield code="b">phd</subfield>
    <subfield code="m">phd</subfield>
  </datafield>
  <datafield tag="336" ind1="7" ind2=" ">
    <subfield code="a">Thesis</subfield>
    <subfield code="0">2</subfield>
    <subfield code="2">EndNote</subfield>
  </datafield>
  <datafield tag="336" ind1="7" ind2=" ">
    <subfield code="a">doctoralThesis</subfield>
    <subfield code="2">DRIVER</subfield>
  </datafield>
  <datafield tag="336" ind1="7" ind2=" ">
    <subfield code="a">PHDTHESIS</subfield>
    <subfield code="2">BibTeX</subfield>
  </datafield>
  <datafield tag="336" ind1="7" ind2=" ">
    <subfield code="a">Output Types/Dissertation</subfield>
    <subfield code="2">DataCite</subfield>
  </datafield>
  <datafield tag="336" ind1="7" ind2=" ">
    <subfield code="a">DISSERTATION</subfield>
    <subfield code="2">ORCID</subfield>
  </datafield>
  <datafield tag="502" ind1=" " ind2=" ">
    <subfield code="o">2013-06-11</subfield>
    <subfield code="a">Aachen, Techn. Hochsch., Diss., 2013</subfield>
    <subfield code="g">Fak01</subfield>
  </datafield>
  <datafield tag="520" ind1="3" ind2=" ">
    <subfield code="a">Aufgrund ihrer planaren Chiralität werden substituierte [2.2]Paracyclophane in der asymmetrischen Synthese als Liganden, Auxiliare und Katalysatoren eingesetzt. Hierbei hat vor allem der Einsatz von disubstituierten [2.2]Paracyclophanen zu guten Ergebnissen geführt. Jedoch ist ihre Synthese durch eine regioselektive Zweitfunktionalisierung von monosubstituierten [2.2]Paracyclophanen noch immer eine große Herausforderung, da sie meist langwierig und auf ausgewählte Substrate beschränkt ist. Im Rahmen dieser Dissertation wurden daher alternative Strategien zur regioselektiven Synthese disubstituierter [2.2]Paracyclophane untersucht. Im ersten Teil wird die palladiumvermittelte Synthese [2.2]paracyclophanbasierter planar chiraler Carbazole beschrieben. Diese konnten durch eine palladiumkatalysierte C-N Kreuzkupplung von 4-Brom[2.2]paracyclophan und Anilin(derivaten) sowie anschließender Zyklisierung erhalten werden. Den Schlüsselschritt stellt die anschließende palladiumvermittelte intramolekulare doppelte C–H-Funktionalisierung der N-Phenyl[2.2]paracyclophanylamine dar. Diese erfolgte ortho-selektiv und die Carbazole wurden in moderaten bis guten Ausbeuten gebildet. Anschließend wurde die palladiumkatalysierte intermolekulare C–H-Funktionalisierung verschiedener donorsubstituierter [2.2]Paracyclophane zur Synthese ortho-substituierter [2.2]Paracyclophane untersucht. Hierfür wurde eine Vielzahl amid-, imin/oxim- und heterozyklisch substituierter [2.2]Paracyclophane synthetisiert und deren Einsatz in der palladiumkatalysierten direkten Acetoxylierung getestet. Im Rahmen der in dieser Arbeit betrachteten, donorsubstituierten [2.2]Paracyclophane haben sich sowohl planar chirale Oximether und -acetate, als auch pyridinyl- und pyrazolylsubstituierte [2.2]Paracyclophane bewährt. In Gegenwart von 1 Mol-% bis 5 Mol-% Palladiumacetat wurden die ortho-acetoxylierten [2.2]Paracyclophane in ausgezeichneten Ausbeuten von bis zu 87% erhalten. Die ortho-acetoxylierten [2.2]Paracyclophane konnten im Anschluss Folgetransformationen unterzogen werden und hieraus potentielle N,O- oder O,O-Chelatoren/-Liganden erhalten werden. Zusätzlich zur palladiumkatalysierten direkten ortho-Acetoxylierung wurde die para-selektive Funktionalisierung von N-Acetyl-4-amino[2.2]paracyclophan untersucht. Durch den Einsatz von hypervalenten Iod(III)-Reagenzien konnte unter metallfreien Bedingungen die para-Position selektiv aktiviert und dadurch planar chirale Paracetamolderivate gewonnen werden.</subfield>
    <subfield code="l">ger</subfield>
  </datafield>
  <datafield tag="520" ind1=" " ind2=" ">
    <subfield code="a">Substituted [2.2]paracyclophanes are used as ligands, auxiliaries and catalysts in asymmetric synthesis due to their planar chirality. Herein, disubstituted [2.2]paracyclophanes have shown very high activity and selectivity compared to monosubstituted [2.2]paracyclophanes. However, their synthesis is still quite challenging and a regioselective functionalization of monosubstituted [2.2]paracyclophanes is restricted to a few special examples. Therefore, new strategies for the regioselective synthesis of disubstituted [2.2]paracyclophanes were investigated within this thesis. The first part describes a palladium-mediated synthesis of planar chiral carbazoles bearing a [2.2]paracyclophane backbone. These carbazoles were obtained by a palladium-catalyzed Buchwald-Hartwig amination of 4-bromo[2.2]paracyclophane and aniline or aniline derivatives followed by an intramolecular palladium-mediated cyclization under oxidative conditions. The corresponding carbazoles were formed in moderate to good yields by an ortho-selective, double C–H-functionalization of N-phenyl[2.2]paracyclophanylamines as the key step. Afterwards, the palladium-catalyzed intermolecular C–H-functionalization of various donor-substituted [2.2]paracyclophanes was investigated. A broad range of amido-, imino/oximo- and heterocyclic-substituted [2.2]paracyclophanes was prepared and their directing properties were tested in a palladium-catalyzed direct acetoxylation. Among the donor-substituted [2.2]paracyclophanes tested, both planar chiral oximethers and -acetate as well as pyridinyl- and pyrazolylsubstituted [2.2]paracyclophanes were used successfully. Ortho-acetoxylated [2.2]paracyclophanes were formed in good yields up to 87% in the presence of 1-5 mol% palladium acetate. Further functionalization of the ortho-acetoxylated [2.2]paracyclophanes yielded in promising N,O- or O,O-chelators/-ligands. In addition to the investigation of the palladium-catalyzed direct ortho-acetoxylation a mild method for the para-selective functionalization of N-acetyl-4-amino[2.2]paracyclophane was developed. The para-position was activated selectively in the presence of a hypervalent iodine(III)reagent under metal-free conditions. Using this strategy planar chiral Paracetamol derivatives were obtained in moderate to good yields.</subfield>
    <subfield code="l">eng</subfield>
  </datafield>
  <datafield tag="591" ind1=" " ind2=" ">
    <subfield code="a">Germany</subfield>
  </datafield>
  <datafield tag="650" ind1=" " ind2="7">
    <subfield code="a">Organische Chemie</subfield>
    <subfield code="2">SWD</subfield>
  </datafield>
  <datafield tag="650" ind1=" " ind2="7">
    <subfield code="a">Präparative organische Chemie</subfield>
    <subfield code="2">SWD</subfield>
  </datafield>
  <datafield tag="650" ind1=" " ind2="7">
    <subfield code="a">Palladium</subfield>
    <subfield code="2">SWD</subfield>
  </datafield>
  <datafield tag="650" ind1=" " ind2="7">
    <subfield code="a">Homogene Katalyse</subfield>
    <subfield code="2">SWD</subfield>
  </datafield>
  <datafield tag="650" ind1=" " ind2="7">
    <subfield code="a">chirale Verbindungen</subfield>
    <subfield code="2">SWD</subfield>
  </datafield>
  <datafield tag="650" ind1=" " ind2="7">
    <subfield code="a">Carbazolderivate</subfield>
    <subfield code="2">SWD</subfield>
  </datafield>
  <datafield tag="653" ind1=" " ind2="7">
    <subfield code="a">Chemie</subfield>
  </datafield>
  <datafield tag="653" ind1=" " ind2="7">
    <subfield code="a">synthetische organische Chemie</subfield>
    <subfield code="2">ger</subfield>
  </datafield>
  <datafield tag="653" ind1=" " ind2="7">
    <subfield code="a">C-H-Funktionalisierung</subfield>
    <subfield code="2">ger</subfield>
  </datafield>
  <datafield tag="653" ind1=" " ind2="7">
    <subfield code="a">[2.2]Paracyclophan</subfield>
    <subfield code="2">ger</subfield>
  </datafield>
  <datafield tag="653" ind1=" " ind2="7">
    <subfield code="a">Ortho-Selektivität</subfield>
    <subfield code="2">ger</subfield>
  </datafield>
  <datafield tag="653" ind1=" " ind2="7">
    <subfield code="a">planare Chiralität</subfield>
    <subfield code="2">ger</subfield>
  </datafield>
  <datafield tag="653" ind1=" " ind2="7">
    <subfield code="a">C-H functionalization</subfield>
    <subfield code="2">eng</subfield>
  </datafield>
  <datafield tag="653" ind1=" " ind2="7">
    <subfield code="a">[2.2]paracyclophane</subfield>
    <subfield code="2">eng</subfield>
  </datafield>
  <datafield tag="653" ind1=" " ind2="7">
    <subfield code="a">ortho-selectivity</subfield>
    <subfield code="2">eng</subfield>
  </datafield>
  <datafield tag="653" ind1=" " ind2="7">
    <subfield code="a">planar chirality</subfield>
    <subfield code="2">eng</subfield>
  </datafield>
  <datafield tag="700" ind1="1" ind2=" ">
    <subfield code="a">Bolm, Carsten</subfield>
    <subfield code="b">1</subfield>
    <subfield code="e">Thesis advisor</subfield>
    <subfield code="0">P:(DE-82)IDM00505</subfield>
  </datafield>
  <datafield tag="856" ind1="4" ind2=" ">
    <subfield code="u">http://publications.rwth-aachen.de/record/229325/files/4715.pdf</subfield>
  </datafield>
  <datafield tag="909" ind1="C" ind2="O">
    <subfield code="o">oai:publications.rwth-aachen.de:229325</subfield>
    <subfield code="p">openaire</subfield>
    <subfield code="p">open_access</subfield>
    <subfield code="p">urn</subfield>
    <subfield code="p">driver</subfield>
    <subfield code="p">VDB</subfield>
    <subfield code="p">dnbdelivery</subfield>
  </datafield>
  <datafield tag="915" ind1=" " ind2=" ">
    <subfield code="0">StatID:(DE-HGF)0510</subfield>
    <subfield code="2">StatID</subfield>
    <subfield code="a">OpenAccess</subfield>
  </datafield>
  <datafield tag="920" ind1="1" ind2=" ">
    <subfield code="0">I:(DE-82)150000_20140620</subfield>
    <subfield code="k">150000</subfield>
    <subfield code="l">Fachgruppe Chemie</subfield>
    <subfield code="x">0</subfield>
  </datafield>
  <datafield tag="920" ind1="1" ind2=" ">
    <subfield code="0">I:(DE-82)152310_20140620</subfield>
    <subfield code="k">152310</subfield>
    <subfield code="l">Lehrstuhl für Organische Chemie II und Institut für Organische Chemie</subfield>
    <subfield code="x">1</subfield>
  </datafield>
  <datafield tag="970" ind1=" " ind2=" ">
    <subfield code="a">HT017779799</subfield>
  </datafield>
  <datafield tag="980" ind1=" " ind2=" ">
    <subfield code="a">phd</subfield>
  </datafield>
  <datafield tag="980" ind1=" " ind2=" ">
    <subfield code="a">I:(DE-82)150000_20140620</subfield>
  </datafield>
  <datafield tag="980" ind1=" " ind2=" ">
    <subfield code="a">I:(DE-82)152310_20140620</subfield>
  </datafield>
  <datafield tag="980" ind1=" " ind2=" ">
    <subfield code="a">VDB</subfield>
  </datafield>
  <datafield tag="980" ind1=" " ind2=" ">
    <subfield code="a">UNRESTRICTED</subfield>
  </datafield>
  <datafield tag="980" ind1=" " ind2=" ">
    <subfield code="a">ConvertedRecord</subfield>
  </datafield>
  <datafield tag="980" ind1=" " ind2=" ">
    <subfield code="a">FullTexts</subfield>
  </datafield>
  <datafield tag="980" ind1="1" ind2=" ">
    <subfield code="a">FullTexts</subfield>
  </datafield>
</record>
</collection>